00489nam a2200145Ia 4500003000900000008004100009020001800050040001600068080001500084100002100099245012800120260003600248300001500284650004400299IN-BaIIA211028s9999 xx 000 0 eng d a0-12-498080-5 cIIA Library a538.3bMIL aMilonni, Peter W 4athe quantum vacuumban introduction to quantum electrodynamicscPeter W Milonni  aSan DiegobAcademic Pressc1994 axvi, 522p. aQuantum theory, Quantum electrodynamics